00434pab a2200145 454500008004000000100001800040245010100058260000900159300001100168362000900179650003100188700001700219700001900236773003300255180718b1985 xxu||||| |||| 00| 0 eng d aJaiswal, N.K. aPeople's participation in watershed managementbA case study of DVC (Damodar Valley Corporation) c1985 a409-40 aJuly aDamodar Valley Corporation aA.K. Jaiswal aA.P. Purandare aJournal of Rural Development